88 gwiazdozbiory - Statystyki

Ogólne statystyki
  • Ten quiz został rozwiązany 1 172 razy
  • Średni wynik to 43 z 88
Statystyki odpowiedzi
Odpowiedzi % Poprawnych
Bliźnięta
86%
Byk
86%
Mala niedźwiedzica
86%
Lew
85%
Wielka niedźwiedzica
84%
Rak
82%
Baran
81%
Panna
81%
Ryby
81%
Waga
80%
Skorpion
79%
Koziorożec
77%
Wodnik
76%
Strzelec
75%
Orion
72%
Andromeda
68%
Smok
62%
Wąż
60%
Herkules
57%
Wielki pies
57%
Mały pies
55%
Łabędź
54%
Perseusz
53%
Hydra
52%
Krzyż
52%
Pegaz
52%
Wężownik
52%
Żyrafa
52%
Orzeł
51%
Cefeusz
50%
Centaur
49%
Kasjopea
48%
Lutnia
48%
Trójkąt
48%
Psy gończe
47%
Wolarz
47%
Woźnica
47%
Mały lew
46%
Delfin
45%
Korona północna
45%
Wilk
45%
Strzała
44%
Korona Południowa
43%
Żagiel
43%
Erydan
42%
Jednorożec
42%
Kruk
42%
Lis
42%
Puchar
42%
Ryś
42%
Tarcza
42%
Warkocz Bereniki
42%
Wieloryb
42%
Żuraw
41%
Gołąb
40%
Jaszczurka
40%
Kil
40%
Paw
40%
Rufa
40%
Feniks
39%
Sekstant
39%
Tukan
39%
Zając
39%
Źrebię
39%
Cyrkiel
38%
Kompas
38%
Ryba południowa
38%
Złota ryba
38%
Indianin
37%
Góra stołowa
36%
Luneta
36%
Mikroskop
36%
Ptak Rajski
36%
Ryba latająca
36%
Malarz
35%
Mucha
35%
Pompa
35%
Trójkąt południowy
35%
Węgielnica
35%
Zegar
35%
Oktant
34%
Rzeźbiarz
34%
Wąż wodny
34%
Kameleon
33%
Ołtarz
33%
Piec
33%
Rylec
33%
Sieć
32%
Nie znaleziono quizów pasujących do podanych kryteriów
Rozkład punktacji
Procent ludzi z każdym wynikiem
Percentyl według liczby udzielonych odpowiedzi
Twoja historia wyników
Nie rozwiązałeś tego quizu